00243 a2200121 4500001000700000020000600007040001100013100003600024240002500060245002000085300000700105362000900112183041 a  cMagnum aLoiola, Alessandro Lemos Passos10aVisão poesiaslpor10aVisão poesias a870 a1991